[Event "ITT Ciudad de Vicente Lopez"]
[Site "Villa Martelli"]
[Date "2009.??.??"]
[Round "1"]
[White "Guerrero, Alvaro"]
[Black "Zuriel, Marisa"]
[Result "1/2-1/2"]
[WhiteElo "2257"]
[BlackElo "2200"]
[PlyCount "70"]
[EventDate "2009.08.04"]
[EventType "tourn"]
[EventRounds "9"]
[EventCountry "ARG"]
[EventCategory "2"]

1. d4 Nf6 2. c4 c5 3. d5 b5 4. cxb5 a6 5. bxa6 g6 6. Nc3 Bxa6 7. Nf3 d6 8. g3
Bg7 9. Bg2 Nbd7 10. O-O Nb6 11. Ne1 O-O 12. Nc2 Qd7 13. b3 Rfb8 14. Bd2 Qb7 15.
Ne3 Ne8 16. Rb1 Nc7 17. a4 Qc8 18. Qc2 Bb7 19. Rfd1 Ba6 20. h4 Qf8 21. f4 Ra7
22. Bf3 f5 23. Kg2 e5 24. dxe6 Nxe6 25. a5 Nd4 26. Qa2 Nd7 27. b4+ Kh8 28. bxc5
Nxc5 29. Rxb8 Qxb8 30. Rb1 Qe8 31. Ncd5 Bxe2 32. Bxe2 Nxe2 33. Rb4 Nd4 34. Qb1
Nc6 35. Rb6 Rf7 1/2-1/2

[Event "ITT Ciudad de Vicente Lopez"]
[Site "Villa Martelli"]
[Date "2009.??.??"]
[Round "1"]
[White "Rey Besada, Fernando"]
[Black "Della Morte, German"]
[Result "1/2-1/2"]
[WhiteElo "2205"]
[BlackElo "2372"]
[PlyCount "54"]
[EventDate "2009.08.04"]
[EventType "tourn"]
[EventRounds "9"]
[EventCountry "ARG"]
[EventCategory "2"]

1. e4 e5 2. Nf3 Nc6 3. Bb5 a6 4. Ba4 Nf6 5. O-O Be7 6. Re1 b5 7. Bb3 d6 8. c3
O-O 9. h3 Nd7 10. d4 Bf6 11. d5 Ne7 12. a4 Bb7 13. axb5 axb5 14. Rxa8 Qxa8 15.
Na3 Ba6 16. Nh2 Ng6 17. Ng4 Be7 18. Ne3 Rb8 19. Nec2 Bc8 (19... Bf6 20. Nb4 Nc5
21. Bc2 Ne7 22. Qf3 Bc8 23. g3 Na6 24. Nxa6 Bxa6 25. Bb3 b4 26. cxb4 Rxb4 27.
Bd2 Rb8 28. Nc2 Qb7 29. Nb4 Bb5 30. Bc3 Qc8 31. h4 Qh3 32. Ra1 Bxh4 33. Qh5 Ng6
34. Qf5 Nf4 35. Qxh3 Nxh3+ 36. Kg2 Ng5 37. Bc2 {1-0 Milos,G (2592)-Soppe,G 
(2467)/Sao Paulo 2003/CBM 096 ext}) 20. Nb4 Nc5 21. Nc6 Nxb3 $6 (21... Rb7 22.
Bc2 Bd7 23. b4 Na6 24. Bd3 Bf8 25. Bxb5 Nb8 26. Qb3 Nxc6 27. dxc6 Rxb5 28. Nxb5
Qxc6 29. c4 Be6 30. Na3 f5 31. b5 Qa8 32. exf5 Nh4 33. f3 Nxf5 34. Nc2 Be7 35.
Be3 Qe8 36. Bf2 Qf7 37. Re4 h6 38. Nb4 Nd4 39. Bxd4 Bxc4 40. Qc2 d5 41. Nc6
dxe4 42. Nxe7+ Kf8 43. Bc5 Bd3 44. Qc3 Bxb5 45. fxe4 Qf1+ 46. Kh2 Qf4+ 47. Qg3
Qxe4 48. Ng6+ Kg8 49. Nxe5 Bf1 50. Ng4 Kh7 51. Ne3 Bd3 52. Qxc7 h5 53. Bf8 Qd4
54. Qg3 Bg6 55. Bd6 Qd2 56. Be5 Qd3 57. Bb2 Qb5 58. Bd4 Qa5 59. Nc4 Qd5 60. Ne5
Be4 61. Nf3 Bg6 62. Nh4 {1-0 Adams,M (2723)-Haslinger,S (2385)/West Bromwich
2003/EXT 2004}) 22. Qxb3 Rb7 23. Nxb5 Qa6 24. c4 Bd7 25. Qa3 $6 (25. Nb4 Qa5
26. Qa3 Qxa3 27. bxa3 Bxb5 28. cxb5 Rxb5 29. Nc6 Rb1 30. Bd2 $16) 25... Qxa3
26. Nxa3 (26. Nxe7+ Nxe7 27. Nxa3 $14) 26... Bxc6 27. dxc6 Rb6 (27... Rb6 28.
Nb5 Rxc6 29. b3 $14) 1/2-1/2

[Event "ITT Ciudad de Vicente Lopez"]
[Site "Villa Martelli"]
[Date "2009.08.05"]
[Round "1"]
[White "Granara Barreto, Sebastian"]
[Black "De Dovitiis, Alejo"]
[Result "0-1"]
[WhiteElo "2200"]
[BlackElo "2351"]
[PlyCount "68"]
[EventDate "2009.08.04"]
[EventType "tourn"]
[EventRounds "9"]
[EventCountry "ARG"]
[EventCategory "2"]

1. d4 Nf6 2. c4 d6 3. Nc3 Nbd7 4. e4 e5 5. d5 Nc5 6. Qc2 a5 7. Nf3 g6 8. Be2
Bg7 9. O-O O-O 10. Ne1 Qe7 11. f3 Nh5 12. Nd3 Nxd3 13. Bxd3 Nf4 14. Ne2 Nxd3
15. Qxd3 f5 16. Nc3 Bd7 17. Bd2 f4 18. Nb5 Bc8 19. b4 axb4 20. Bxb4 g5 21. a4
g4 22. Rfc1 Rf6 23. fxg4 Bxg4 24. h3 Bh5 25. c5 Rg6 26. cxd6 cxd6 27. Rc2 Rf8
28. Rac1 f3 29. Rf1 Qh4 30. Nxd6 Qxh3 31. Rff2 Bh6 32. Nf5 Bf4 33. Ne7+ Kg7 34.
Nf5+ Rxf5 0-1

[Event "ITT Ciudad de Vicente Lopez"]
[Site "Villa Martelli"]
[Date "2009.08.05"]
[Round "1"]
[White "Lopez Azambuja, Nicolas"]
[Black "Barrionuevo, Pablo"]
[Result "0-1"]
[WhiteElo "2185"]
[BlackElo "2328"]
[PlyCount "80"]
[EventDate "2009.08.04"]
[EventType "tourn"]
[EventRounds "9"]
[EventCountry "ARG"]
[EventCategory "2"]

1. d4 Nf6 2. c4 c5 3. d5 e5 4. Nc3 d6 5. e4 Nbd7 6. g3 g6 7. Bg2 Bg7 8. Nge2
O-O 9. O-O a6 10. Qd3 Nh5 11. a3 Rb8 12. b4 f5 13. exf5 gxf5 14. f4 e4 15. Qb1
Qe7 16. b5 Ndf6 17. Bh3 Bd7 18. a4 Qd8 19. Nd1 Qe8 20. Ne3 Qg6 21. Bb2 Bh8 22.
Bc3 Ng7 23. Qb2 h5 24. Rab1 axb5 25. cxb5 h4 26. Kg2 b6 27. Qd2 Nge8 28. Rfd1
Nc7 29. Bb2 Kf7 30. Nc3 Rg8 31. Ne2 Ke7 32. Rg1 Qh7 33. Rh1 Qh5 34. Ng1 Qg6 35.
Ne2 Qh5 36. Ng1 Rbf8 37. Kf2 Rf7 38. Bg2 Rh7 39. Ke1 Qf7 40. Ne2 Nh5 0-1

[Event "ITT Ciudad de Vicente Lopez"]
[Site "Villa Martelli"]
[Date "2009.??.??"]
[Round "2"]
[White "Della Morte, German"]
[Black "Granara Barreto, Sebastian"]
[Result "0-1"]
[WhiteElo "2372"]
[BlackElo "2200"]
[PlyCount "110"]
[EventDate "2009.08.04"]
[EventType "tourn"]
[EventRounds "9"]
[EventCountry "ARG"]
[EventCategory "2"]

1. e4 c6 2. d4 d5 3. e5 Bf5 4. Nd2 e6 5. Nb3 Nd7 6. Nf3 Ne7 7. Be3 Bg6 8. Be2
Nf5 9. Bf4 Be7 10. O-O O-O 11. g3 c5 12. dxc5 Nxc5 13. g4 Nh4 14. Nxh4 Nxb3 15.
axb3 Bxh4 16. Be3 Qc7 17. f4 Be4 18. c3 Be7 19. Qd4 b6 20. b4 f6 21. c4 Rac8
22. Rfc1 fxe5 23. fxe5 Bxb4 24. cxd5 Qxc1+ 25. Rxc1 Rxc1+ 26. Bxc1 Bc5 27. Qxc5
bxc5 28. dxe6 Bd5 29. e7 Re8 30. Bg5 Kf7 31. Bb5 Rxe7 32. Bxe7 Kxe7 33. Bd3 g6
34. h4 Ke6 35. h5 gxh5 36. g5 Kxe5 37. Bxh7 Be6 38. Bg6 h4 39. Be8 Kf5 40. g6
Kf6 41. Kg2 Bf5 42. g7 Kxg7 43. Kf3 Kf6 44. Kf4 h3 45. Bc6 Bd3 46. Kg3 Bf1 47.
Kf2 Bc4 48. Kg3 Be6 49. Kf4 a5 50. Bf3 a4 51. Bc6 h2 52. Kg3 Bd7 53. Bf3 Ke5
54. Kxh2 c4 55. Bd1 c3 0-1

[Event "ITT Ciudad de Vicente Lopez"]
[Site "Villa Martelli"]
[Date "2009.??.??"]
[Round "2"]
[White "Guerrero, Alvaro"]
[Black "Diaz, Nahuel"]
[Result "0-1"]
[WhiteElo "2257"]
[BlackElo "2441"]
[PlyCount "66"]
[EventDate "2009.08.04"]
[EventType "tourn"]
[EventRounds "9"]
[EventCountry "ARG"]
[EventCategory "2"]

1. d4 g6 2. c4 d6 3. Nc3 Bg7 4. e4 Nd7 5. Be3 e5 6. d5 Bh6 7. Bxh6 Nxh6 8. Qd2
Ng8 9. Bd3 Nc5 10. Nge2 f5 11. b4 Nxd3+ 12. Qxd3 a5 13. b5 Nf6 14. f3 O-O 15.
Ng3 Nd7 16. Qd2 Nb6 17. Qe2 Qg5 18. Nf1 Qh4+ 19. g3 Qh6 20. Nd2 a4 21. a3 Nd7
22. O-O b6 23. Kh1 Nc5 24. Rae1 Bd7 25. Nd1 Nb3 26. Nxb3 axb3 27. Qb2 fxe4 28.
Rxe4 Bf5 29. Re3 Bc2 30. Rc3 Qd2 31. Rxb3 Qe2 32. Ne3 Rxf3 33. Rg1 Rxe3 0-1

[Event "ITT Ciudad de Vicente Lopez"]
[Site "Villa Martelli"]
[Date "2009.??.??"]
[Round "2"]
[White "Rey Besada, Fernando"]
[Black "Barrionuevo, Pablo"]
[Result "1/2-1/2"]
[WhiteElo "2328"]
[BlackElo "2205"]
[PlyCount "32"]
[EventDate "2009.08.04"]
[EventType "tourn"]
[EventRounds "9"]
[EventCountry "ARG"]
[EventCategory "2"]

1. d4 d5 2. c4 e6 3. Nc3 Bb4 4. Nf3 Nf6 5. cxd5 exd5 6. Bg5 Nbd7 7. Qc2 c5 8.
dxc5 O-O (8... h6 9. Bd2 O-O 10. e3 Bxc5 11. Bd3 a6 12. O-O Ba7 13. Ne2 Re8 14.
Bc3 Nf8 15. Nf4 Be6 16. Rad1 Rc8 17. Qb3 b5 18. Qa3 Ra8 19. Nd4 Qd7 20. Nde2
Qd8 21. Bb1 N8d7 22. Ng3 Bc5 23. b4 Bd6 24. Qb2 Qb8 25. Nge2 Ne5 26. Qa1 Ned7
27. h3 Be5 28. a3 Rc8 29. Bd4 a5 30. Qb2 axb4 31. axb4 Qd6 32. Nd3 Bxd4 33.
Nxd4 Qb6 34. Nf4 Rab8 35. Bd3 Ne5 36. Bxb5 Qd6 37. Rb1 Ne4 38. Rfc1 Rxc1+ 39.
Rxc1 Bd7 40. Bxd7 Qxd7 41. b5 g5 42. Nc6 Nxc6 43. bxc6 Qc7 44. Qxb8+ Qxb8 45.
c7 Qc8 46. Nxd5 Kg7 47. Ne7 Qd7 48. c8=Q Qxe7 49. Qc4 h5 50. Qd4+ Kg6 51. Rc6+
f6 52. Qd5 {1-0 Kramnik,V (2715)-Lautier,J (2655)/Monte Carlo 1995/CBM 046 ext}
) 9. Bd2 $6 (9. a3 Bxc5 10. e3 h6 11. Bh4 Be7 12. Rd1 Nb6 13. Be2 Be6 14. Nd4
Rc8 15. Qb3 Nfd7 16. Bxe7 Qxe7 17. O-O Rfd8 18. Rc1 Kf8 19. Na4 Nc5 20. Nxc5
Rxc5 21. Rxc5 Qxc5 22. Rd1 Bd7 23. Qd3 g6 24. Qd2 Rc8 25. h3 Ba4 26. b3 Be8 27.
Qb2 Qc3 28. Qxc3 Rxc3 29. Bf3 a5 30. a4 Bc6 31. Kf1 Nd7 32. Ke1 Nc5 33. Kd2
Rd3+ 34. Kc2 Rxd1 35. Bxd1 Ke7 36. f3 h5 37. Kc3 Kd6 38. Bc2 Bd7 39. g4 hxg4
40. hxg4 b6 41. g5 Be8 42. f4 Bd7 43. Bd3 Bg4 44. Bc2 Bd7 45. Nf3 Be8 46. Bd3
Ne6 47. Nd4 Nc5 48. Nf3 Ne6 {1/2-1/2 Savchenko,S (2579)-Galdunts,S (2495)/
Darmstadt 2001/CBM 081}) 9... Nxc5 10. e3 Bg4 11. a3 (11. Be2) 11... Bxc3 12.
Bxc3 Nce4 (12... Rc8 $5) (12... Nfe4 13. Be2 Qd6 14. h3 Bd7) 13. h3 Bxf3 14.
gxf3 Nxc3 15. Qxc3 d4 $5 (15... Rc8) 16. Qxd4 (16. exd4 $2 Rc8 17. Qd2 Re8+ 18.
Be2 Rc4 19. Rd1 Qc7 20. O-O Rc2 $19) 16... Qxd4 (16... Qxd4 17. exd4 Rfe8+ 18.
Kd2 Red8 19. Ke3 (19. Kc3 Rac8+ 20. Kd3 Rd6 21. Rd1 Rcd8 (21... Rxd4+ 22. Kxd4
Rd8+ 23. Kc3 (23. Kc5 Rxd1 24. Bg2 Rd2) 23... Rxd1 24. Bg2 Rxh1 25. Bxh1 Nd5+
26. Kd4 Nf4 27. Kc5 Nxh3 28. f4 Nxf2 29. Bxb7 Nd3+ $19)) 19... Rd6 $15) 1/2-1/2

[Event "ITT Ciudad de Vicente Lopez"]
[Site "Villa Martelli"]
[Date "2009.??.??"]
[Round "2"]
[White "Zuriel, Marisa"]
[Black "De Dovitiis, Alejo"]
[Result "1/2-1/2"]
[WhiteElo "2200"]
[BlackElo "2351"]
[PlyCount "44"]
[EventDate "2009.08.04"]
[EventType "tourn"]
[EventRounds "9"]
[EventCountry "ARG"]
[EventCategory "2"]

1. e4 e6 2. Nf3 d5 3. Nc3 d4 4. Ne2 c5 5. c3 Nf6 6. d3 Nc6 7. g3 dxc3 8. bxc3
c4 9. Ned4 Bd7 10. Nxc6 Bxc6 11. Ne5 cxd3 12. Nxc6 bxc6 13. Bxd3 Bc5 14. O-O
O-O 15. Qe2 e5 16. Bg5 h6 17. Bxf6 Qxf6 18. Bc4 Rad8 19. Kg2 Bb6 20. Bb3 Rd7
21. Rfd1 Rdd8 22. Rxd8 Bxd8 1/2-1/2

[Event "ITT Ciudad de Vicente Lopez"]
[Site "Villa Martelli"]
[Date "2009.08.07"]
[Round "3"]
[White "De Dovitiis, Alejo"]
[Black "Della Morte, German"]
[Result "1-0"]
[WhiteElo "2351"]
[BlackElo "2372"]
[PlyCount "91"]
[EventDate "2009.08.04"]
[EventType "tourn"]
[EventRounds "9"]
[EventCountry "ARG"]
[EventCategory "2"]

1. e4 d5 2. exd5 Qxd5 3. Nc3 Qd6 4. g3 Nf6 5. Bg2 c6 6. d4 Bg4 7. Nge2 e6 (7...
e5 8. dxe5 Qxe5 9. Bf4 Qh5 10. h3 Bxe2 11. Qxe2+ Qxe2+ 12. Nxe2 Nbd7 $14) 8.
O-O Be7 9. h3 Bxe2 10. Nxe2 O-O 11. c4 Nbd7 12. Bf4 e5 13. dxe5 Nxe5 14. Nd4
Rfe8 15. b3 Bf8 16. Nf3 Qxd1 17. Rfxd1 Ng6 18. Be3 Ne4 19. g4 Bc5 20. Ng5 Nxg5
21. Bxc5 Ne6 22. Be3 a6 23. Rd7 Re7 24. Rxe7 Nxe7 25. Rd1 Rd8 26. Rxd8+ Nxd8 {
Diagrama #} 27. f4 f5 28. Kf2 Kf7 29. Bb6 Ne6 30. Ke3 h6 31. Bf1 g5 32. fxg5
f4+ 33. Ke4 hxg5 34. Bf2 Kf6 35. b4 Nc8 36. c5 Ne7 37. Bc4 Nc7 38. h4 Ncd5 39.
Bd4+ Kg6 40. h5+ Kh6 41. a3 Kh7 42. Be2 Kh6 43. Ke5 Nc7 44. Kf6 Nb5 45. Be5 Nc3
46. Bd3 1-0

[Event "ITT Ciudad de Vicente Lopez"]
[Site "Villa Martelli"]
[Date "2009.08.07"]
[Round "3"]
[White "Diaz, Nahuel"]
[Black "Zuriel, Marisa"]
[Result "1-0"]
[WhiteElo "2441"]
[BlackElo "2200"]
[PlyCount "64"]
[EventDate "2009.08.04"]
[EventType "tourn"]
[EventRounds "9"]
[EventCountry "ARG"]
[EventCategory "2"]

1. Nf3 g6 2. d4 Bg7 3. g3 d6 4. Bg2 Nd7 5. O-O e5 6. c4 Ne7 7. Nc3 O-O 8. e4 h6
9. Be3 f5 10. dxe5 dxe5 11. Qd2 fxe4 12. Nxe4 Nf5 13. Rad1 Nxe3 14. Qxe3 Qe7
15. Rfe1 a5 16. c5 a4 17. Nh4 Kh7 18. Qd3 Qf7 19. Qc2 Nf6 20. Nxf6+ Qxf6 21.
Be4 Bf5 22. Nxf5 gxf5 23. Bxb7 Rab8 24. c6 e4 25. Rd7 Rf7 26. Qxa4 Rxd7 27.
cxd7 Qxb2 (27... Rxb7 28. Qa8) 28. Bxe4 Qe5 29. Qd1 Rd8 30. Bb1 Rxd7 31. Qc1
Qa5 32. g4 Rf7 $138 1-0

[Event "ITT Ciudad de Vicente Lopez"]
[Site "Villa Martelli"]
[Date "2009.08.07"]
[Round "3"]
[White "Granara Barreto, Sebastian"]
[Black "Barrionuevo, Pablo"]
[Result "0-1"]
[WhiteElo "2200"]
[BlackElo "2328"]
[PlyCount "110"]
[EventDate "2009.08.04"]
[EventType "tourn"]
[EventRounds "9"]
[EventCountry "ARG"]
[EventCategory "2"]

1. d4 d5 2. c4 e6 3. Nc3 c5 4. cxd5 exd5 5. Nf3 Nc6 6. g3 Nf6 7. Bg2 Be7 8. O-O
O-O 9. Bg5 cxd4 10. Nxd4 h6 11. Be3 Re8 12. Nxc6 bxc6 13. Rc1 Bf8 14. Na4 Bd7
15. Bc5 Bxc5 16. Nxc5 Bg4 17. Re1 Qa5 18. h3 Bf5 19. Qa4 Qd2 20. Qf4 Qxf4 21.
gxf4 Rab8 22. Nb3 Rb6 23. Nd4 Bd7 24. b3 Kf8 25. e3 g5 26. fxg5 hxg5 27. a4 Rc8
28. Rc5 Ke7 29. Rec1 Kd6 30. f3 Ng8 31. a5 Rbb8 32. R1c3 Ne7 33. Kf2 Rh8 34.
Kg3 Rb4 35. Bf1 f5 36. f4 gxf4+ 37. Kxf4 Ng6+ 38. Kf3 Ne7 39. Rc1 Rh4 40. R5c3
f4 41. Nc2 Re4 42. b4 fxe3 43. Rxe3 Rxe3+ 44. Kxe3 Bxh3 45. Bd3 Bf5 46. Bxf5
Nxf5+ 47. Kd3 Rh3+ 48. Kd2 Rh2+ 49. Kd3 Rh3+ 50. Kd2 d4 51. Rf1 Ng3 52. Re1 Kd5
53. Rg1 Ne4+ 54. Kd1 d3 55. Ne1 Kc4 0-1

[Event "ITT Ciudad de Vicente Lopez"]
[Site "Villa Martelli"]
[Date "2009.08.07"]
[Round "3"]
[White "Lopez Azambuja, Nicolas"]
[Black "Guerrero, Alvaro"]
[Result "1/2-1/2"]
[WhiteElo "2185"]
[BlackElo "2257"]
[PlyCount "137"]
[EventDate "2009.08.04"]
[EventType "tourn"]
[EventRounds "9"]
[EventCountry "ARG"]
[EventCategory "2"]

1. e4 d6 2. d4 Nf6 3. Nc3 e5 4. Nf3 Nbd7 5. Bc4 Be7 6. O-O O-O 7. Re1 a6 8. a4
b6 9. b3 c6 10. d5 c5 (10... cxd5 11. Nxd5 Nxd5 12. Bxd5 Rb8 13. c4 h6 14. Bd2
Nf6 15. Bb4 Nxd5 16. Qxd5 Be6 17. Qd3 Qc7 18. Nd2 Rfc8 19. Nb1 b5 20. cxb5 axb5
21. a5 Qc2 22. Qxc2 Rxc2 23. Nd2 Ra8 24. Rec1 Rxc1+ 25. Rxc1 Bg5 26. Rc6 d5 27.
exd5 Bxd5 28. Rc5 Bxd2 29. Bxd2 Bxb3 30. Rxb5 Rd8 31. Rxb3 Rxd2 32. g4 Ra2 33.
Rb5 e4 34. h4 g6 35. g5 hxg5 36. hxg5 Kf8 37. Re5 f6 38. gxf6 Kf7 39. Re7+ Kxf6
40. Ra7 Kg5 41. a6 Ra3 42. Ra8 Kg4 43. a7 g5 44. Kf1 Ra2 45. Ke1 Ra3 46. Ke2
Ra2+ 47. Ke3 Ra3+ 48. Kxe4 Ra4+ 49. Kd3 Ra2 50. Kc3 Ra1 51. f4 Rc1+ 52. Kd2 Rc7
53. fxg5 Rg7 54. Kd3 Kg3 55. Kd4 Kg4 56. g6 Kg5 57. Kc5 Kg4 58. Kd5 Kg5 59. Kc5
Kg4 60. Kb5 Kg5 61. Ka5 Kg4 62. Kb5 Kg5 63. Kc5 Kg4 64. Rf8 Rxa7 65. Rf7 Ra8
66. g7 Rg8 67. Kd6 Kg5 68. Ke6 Kg6 69. Rf2 {1/2-1/2 Bauer,C (2579)-Ivanisevic,
I (2555)/Dos Hermanas 2003/EXT 2004}) 11. Nh4 (11. Rb1 Ne8 12. Bf1 Rb8 13. Nd2
g6 14. b4 f5 15. Nc4 cxb4 16. Rxb4 Qc7 17. Ba3 Nef6 18. exf5 gxf5 19. Qd2 Nc5
20. Reb1 Nce4 21. Nxe4 Nxe4 22. Qe1 b5 23. axb5 axb5 24. Ne3 Qa7 25. Bc1 Bh4
26. Nd1 Qg7 27. Rxb5 Rxb5 28. Rxb5 Ba6 29. Rb4 Bxf1 30. Qxf1 Bg5 31. Bxg5 Nxg5
32. f3 Qa7+ 33. Qf2 Qa5 34. Qd2 f4 35. h4 Nf7 36. Nf2 Nh6 37. g4 fxg3 38. Rg4+
Nxg4 39. Qxa5 gxf2+ 40. Kf1 Ne3+ 41. Kxf2 Nxc2 42. Qc7 Nd4 43. Qxd6 Rxf3+ 44.
Ke1 Rf5 45. Qc7 Rf7 46. Qc8+ Kg7 47. d6 Rf8 48. d7 Ne6 49. Qe8 {1-0 Leko,P 
(2701)-Bauer,C (2480)/Las Vegas 1999/CBM 072}) 11... g6 12. g3 Nh5 13. Nf5 Ng7
14. Nxe7+ Qxe7 15. Bf1 h5 16. Rb1 a5 17. Nb5 Rb8 18. Na3 f5 19. exf5 Nxf5 20.
Bg2 Qf7 21. c3 Nf6 22. Rb2 Bb7 23. Rd2 Ba6 24. c4 Kh7 25. Nb1 Rbe8 26. Nc3 Kg7
27. Bb2 Bc8 28. Nb5 Bd7 29. Nc3 Nd4 30. Nb5 Bxb5 31. axb5 Ng4 32. f4 Kh7 33. h3
Nh6 34. Rf2 h4 35. g4 g5 36. Be4+ Kg8 37. f5 Qf6 38. Bc3 Ra8 39. Ra2 Qd8 40.
Kg2 Kh8 41. Ra4 Rg8 42. Ra3 Qf6 43. Rf1 Raf8 44. Ra2 Nf7 45. Kf2 Nh6 46. Kg2
Kg7 47. Ra3 Qd8 48. Qd3 Kf6 49. Bd2 Nf7 50. Bc3 Qc7 51. Bd2 Ra8 52. Ra4 Ra7 53.
Rfa1 Rc8 54. Rf1 Rg8 55. Rfa1 Rb7 56. Rf1 Rg7 57. Rfa1 Nh6 58. Rf1 Ng8 59. Rfa1
Qd8 60. Rf1 Rbf7 61. Rfa1 Ke7 62. Re1 Kf8 63. Rf1 Nf6 64. Ra3 Rb7 65. Rb1 Kg8
66. Ra4 Qa8 67. Rb2 Qf8 68. Rb1 Rbf7 69. Ra3 1/2-1/2

[Event "ITT Ciudad de Vicente Lopez"]
[Site "Villa Martelli"]
[Date "2009.08.07"]
[Round "3"]
[White "Rey Besada, Fernando"]
[Black "Espinoza Palomino, Willyam"]
[Result "0-1"]
[WhiteElo "2205"]
[BlackElo "2272"]
[PlyCount "148"]
[EventDate "2009.08.04"]
[EventType "tourn"]
[EventRounds "9"]
[EventCountry "ARG"]
[EventCategory "2"]

1. e4 e5 2. Nf3 Nc6 3. Bb5 a6 4. Ba4 Nf6 5. d3 b5 6. Bb3 Be7 7. O-O O-O 8. a4
Bb7 9. Re1 d6 10. Nbd2 Na5 11. Ba2 c5 12. Nf1 Qc7 (12... b4 13. c3 bxc3 14.
bxc3 c4 15. Ng3 Qc7) 13. Bd2 b4 14. Ng3 Bc8 15. h3 Rb8 16. Nh2 c4 17. Ng4 Be6
18. dxc4 Nxg4 19. hxg4 g6 20. Bh6 Rfd8 21. Nf5 Bf6 22. Ne3 Nxc4 23. Nd5 (23.
Bxc4 Bxc4 24. Qf3) 23... Bxd5 24. Qxd5 Rbc8 25. Bb3 Nxb2 26. Re3 Bg7 27. Rf3
Rd7 28. Bxg7 Kxg7 29. Qd2 Nc4 30. Qxb4 Qa5 31. Qxa5 Nxa5 32. Rd1 Nxb3 33. cxb3
Rb8 34. Rfd3 Rb6 35. g5 Kf8 36. Rc1 Ke7 37. Rcc3 Rdb7 38. Kf1 Rb4 39. f3 Kd7
40. Ke2 Rb8 41. Kd2 Rh8 42. Rc1 h5 43. Kc3 (43. gxh6 $11) 43... Rhb8 44. Kc2 h4
45. Rh1 Rh8 46. g4 Ke6 47. Rd2 f6 48. gxf6 g5 49. Kc3 Rhb8 50. Rb2 Rd4 51. Rc2
Kxf6 52. Rhh2 a5 53. Rhd2 Rc8+ 54. Kb2 Rxc2+ 55. Rxc2 Rd3 56. Rc8 Ke6 57. Rg8
Rxf3 58. Rxg5 Rf4 59. Rg6+ Kd7 60. g5 (60. b4 Rxe4 61. bxa5 Rxa4 62. Kb3 Rxa5
63. Rh6 Rc5) 60... Rxe4 61. Rh6 Rg4 62. g6 Kc6 63. g7 Rxg7 64. Rxh4 Kd5 65. Rh6
Rc7 66. Rh4 Rc5 67. b4 axb4 68. Kb3 Rc1 69. Kxb4 e4 70. a5 e3 71. Rh2 Kd4 72.
Ra2 Kd3 73. Ra3+ Kd2 74. Ra2+ Kd1 0-1

[Event "ITT Ciudad de Vicente Lopez"]
[Site "Villa Martelli"]
[Date "2009.08.08"]
[Round "4"]
[White "Barrionuevo, Pablo"]
[Black "De Dovitiis, Alejo"]
[Result "1/2-1/2"]
[WhiteElo "2328"]
[BlackElo "2351"]
[PlyCount "86"]
[EventDate "2009.08.04"]
[EventType "tourn"]
[EventRounds "9"]
[EventCountry "ARG"]
[EventCategory "2"]

1. e4 c5 2. c3 d5 3. exd5 Qxd5 4. d4 Nf6 5. Nf3 e6 6. Be2 Nc6 7. O-O Be7 8. Na3
O-O 9. Nb5 Qd8 10. dxc5 Bxc5 11. Bf4 Nd5 12. Bg3 a6 13. Nbd4 Nxd4 14. Nxd4 Bd6
15. Bf3 Bxg3 16. hxg3 Ne7 17. Nb3 Qc7 18. Qd4 Bd7 19. Rfd1 Bc6 20. Qc5 Rac8 21.
Bxc6 Nxc6 22. Qd6 Qb6 23. Qc5 Qc7 24. Qd6 Ne5 25. Qxc7 Rxc7 26. Nd4 Rfc8 27.
Ne2 Kf8 28. Rd4 Ke7 29. Rad1 Rd7 30. f3 h5 31. Kf2 g6 32. Rxd7+ Nxd7 33. Rd4
Ne5 34. Rd1 Rc6 35. b3 b5 36. Rd4 Nd7 37. Rd3 e5 38. Ke3 Ke6 39. Kd2 Rc8 40.
Re3 Kd6 41. Rd3+ Ke6 42. Re3 Kd6 43. Rd3+ Ke6 1/2-1/2

[Event "ITT Ciudad de Vicente Lopez"]
[Site "Villa Martelli"]
[Date "2009.08.08"]
[Round "4"]
[White "Diaz, Nahuel"]
[Black "Lopez Azambuja, Nicolas"]
[Result "1-0"]
[WhiteElo "2441"]
[BlackElo "2185"]
[PlyCount "37"]
[EventDate "2009.08.04"]
[EventType "tourn"]
[EventRounds "9"]
[EventCountry "ARG"]
[EventCategory "2"]

1. Nf3 Nf6 2. c4 g6 3. b3 Bg7 4. Bb2 O-O 5. g3 c5 6. Bg2 Nc6 7. O-O b6 8. d4
cxd4 9. Nxd4 Bb7 10. Nc3 Rc8 11. Nc2 Ne8 12. Qd2 a6 13. Ne3 Rb8 14. Ncd5 b5 15.
c5 d6 16. cxd6 Qxd6 17. Rfd1 Bxb2 18. Qxb2 Nb4 19. Ng4 1-0

[Event "ITT Ciudad de Vicente Lopez"]
[Site "Villa Martelli"]
[Date "2009.08.08"]
[Round "4"]
[White "Espinoza Palomino, Willyam"]
[Black "Granara Barreto, Sebastian"]
[Result "1/2-1/2"]
[WhiteElo "2272"]
[BlackElo "2200"]
[PlyCount "76"]
[EventDate "2009.08.04"]
[EventType "tourn"]
[EventRounds "9"]
[EventCountry "ARG"]
[EventCategory "2"]

1. e4 c6 2. d4 d5 3. Nc3 dxe4 4. Nxe4 Bf5 5. Ng3 Bg6 6. h4 h6 7. Nf3 Nd7 8. h5
Bh7 9. Bd3 Bxd3 10. Qxd3 Ngf6 11. Bd2 e6 12. O-O-O Be7 13. Qe2 Qc7 14. c4 O-O
15. Kb1 Rad8 16. Bc3 Rfe8 17. Ne5 c5 18. f4 cxd4 19. Bxd4 Bc5 20. Bc3 Bd6 21.
Rhf1 Bxe5 22. fxe5 Nh7 23. Rf4 Ng5 24. Rfd4 Nb6 25. b3 Rxd4 26. Rxd4 Rd8 27.
Ne4 Nxe4 28. Qxe4 Rxd4 29. Qxd4 Qc6 30. g4 a6 31. Qd8+ Kh7 32. Qd3+ Kg8 33.
Qd8+ Kh7 34. Qd3+ Kg8 35. Ba5 Nd7 36. Bc3 Nc5 37. Qd8+ Kh7 38. Qd4 Kg8 1/2-1/2

[Event "ITT Ciudad de Vicente Lopez"]
[Site "Villa Martelli"]
[Date "2009.08.08"]
[Round "4"]
[White "Guerrero, Alvaro"]
[Black "Rey Besada, Fernando"]
[Result "0-1"]
[WhiteElo "2257"]
[BlackElo "2205"]
[PlyCount "82"]
[EventDate "2009.08.04"]
[EventType "tourn"]
[EventRounds "9"]
[EventCountry "ARG"]
[EventCategory "2"]

1. d4 d5 2. c4 e6 3. Nc3 Bb4 4. Nf3 Nf6 5. Bg5 Nbd7 6. e3 c5 7. cxd5 exd5 8.
Bd3 Qa5 9. O-O c4 10. Bc2 Bxc3 11. bxc3 Qxc3 12. Qb1 O-O 13. a4 (13. e4 dxe4
14. Bd2 Qa3 15. Bb4 Qa6 16. Bxf8 exf3 17. Bb4 Nb6 18. Re1 Be6 19. Be7 Nbd5 20.
Bxf6 Nxf6 21. Be4 Nxe4 22. Qxe4 Qc6 23. Qxc6 bxc6 24. gxf3 Rd8 25. Rad1 Kf8 26.
Re5 Bd5 27. Re3 Rd6 28. Rb1 Be6 29. Rb8+ Ke7 30. Rb7+ Kf6 31. Rxa7 Rxd4 32. Kg2
Rd5 33. Raa3 Ke7 34. Rac3 Kd6 35. Re4 Rd2 36. a3 g6 37. Kg3 h5 38. f4 Bd5 39.
Ree3 Kc5 40. h4 f5 41. a4 Ra2 42. Ra3 Rxa3 43. Rxa3 Kb4 44. Ra1 c3 45. f3 Kb3
46. Kf2 Kb2 {0-1 Gallego Eraso,F (2395)-Zaichik,G (2455)/Euskadi 1991/EXT 1997}
) 13... Qa5 14. Ne5 h6 (14... Nxe5 15. dxe5 Ne4 16. Be7 Re8 17. Bb4 Qc7 18. f3
Nc5 19. Bc3 h6 20. f4 Bg4 21. Rf2 Rac8 22. h3 Bd7 23. Bd4 a6 24. a5 Bb5 25. Qb2
Nd3 26. Qc3 Qe7 27. Rff1 Rc6 28. Rab1 f6 29. exf6 gxf6 30. Kh2 Re6 31. Bxd3
cxd3 32. Rxb5 axb5 33. Qxd3 Re4 34. Qxb5 Qf7 {1/2-1/2 Damljanovic,B (2559)
-Campos Moreno,J (2491)/Mancha Real 2000/EXT 2001}) 15. Bh4 Nxe5 16. dxe5 Ng4
17. Bg3 Re8 18. Rd1 Nxe5 19. Rd4 Nc6 20. Rh4 Qc3 21. Qc1 d4 22. Ra3 (22. exd4
Nxd4 23. Bh7+ $2 Kxh7 24. Qxc3 Ne2+ 25. Kf1 Nxc3 $19) 22... Qb4 23. f3 Qb6 24.
Be4 d3 25. Ra1 Be6 26. Rb1 Qd8 27. Rxb7 Na5 28. Rb1 Rc8 29. Qc3 Nb3 30. Bb7 Rc5
31. Rd1 Qf6 32. Be1 d2 33. Qxf6 dxe1=Q+ 34. Rxe1 gxf6 35. Be4 Rd8 36. Kf2 c3
37. Bc2 Rd2+ 38. Re2 Rcd5 39. Bxb3 Rxe2+ 40. Kxe2 Rd2+ 41. Ke1 Bxb3 0-1